Deviner les verbes - Statistiques

Statistiques générales
  • Ce quiz a été pris 92 fois
  • Le résultat moyen est 5 sur 7
Statistiques - réponses
Hint Réponse % Correct
Avaler, se nourrir Manger
100%
Marcher, se dêpecher Courir
93%
Chuchoter, communiquer Parler
89%
Se vêtir, se changer S’habiller
89%
Rire, s’amuser Rigoler
78%
Calculer Compter
61%
Voir, regarder Apercevoir
11%
Aucun quiz correspondant
Distribution des résultats
% des personnes avec chaque résultat
Percentile par nombre de réponses
Votre historique - résultats
Vous n’avez pas pris ce quiz